Подробности
| 000 -МАРКЕР |
| контрольное поле |
01302nem0a2200313 4500 |
| 001 - ИДЕНТИФИКАТОР ЗАПИСИ |
| контрольное поле |
RU\NLR\BIBL_A\010877317 |
| 005 - ИДЕНТИФИКАТОР ВЕРСИИ |
| контрольное поле |
20250624193841.0 |
| 010 ## - МЕЖДУНАРОДНЫЙ СТАНДАРТНЫЙ НОМЕР КНИГИ (ISBN) |
| Номер (ISBN) |
978-5-98008-1256 |
| 021 ## - НОМЕР ГОСУДАРСТВЕННОЙ РЕГИСТРАЦИИ |
| Код страны |
российская федерация |
| Номер |
15-194 |
| 035 ## - ДРУГИЕ СИСТЕМНЫЕ НОМЕРА |
| Идентификатор записи |
(NLR Aleph) 010877317 |
| 100 ## - ДАННЫЕ ОБЩЕЙ ОБРАБОТКИ |
| Данные общей обработки |
20151028d2015 |||y0rusy50 ca |
| 101 0# - ЯЗЫК РЕСУРСА |
| Язык текста, звукозаписи и т.д. |
русский |
| 102 ## - СТРАНА ПУБЛИКАЦИИ ИЛИ ПРОИЗВОДСТВА |
| Страна публикации |
российская федерация |
| 120 ## - ПОЛЕ КОДИРОВАННЫХ ДАННЫХ: КАРТОГРАФИЧЕСКИЕ МАТЕРИАЛЫ - ОБЩИЕ ХАРАКТЕРИСТИКИ |
| Кодированные данные о картографическом материале (общие) |
baa xx|| |
| 123 1# - ПОЛЕ КОДИРОВАННЫХ ДАННЫХ: КАРТОГРАФИЧЕСКИЕ МАТЕРИАЛЫ - МАСШТАБ И КООРДИНАТЫ |
| Тип масштаба |
100000 |
| 200 1# - ЗАГЛАВИЕ И СВЕДЕНИЯ ОБ ОТВЕТСТВЕННОСТИ |
| Основное заглавие |
Атлас Хабаровского края |
| Общее обозначение материала |
Карты |
| Первые сведения об ответственности |
Сост. и подгот. к изд. ОАО ДАГП в 2015 г. |
| Последующие сведения об ответственности |
Гл. ред. Т.Н. Гайфулина |
| Обозначение и номер части |
Часть I |
| 206 ## - ОБЛАСТЬ СПЕЦИФИЧЕСКИХ СВЕДЕНИЙ: КАРТОГРАФИЧЕСКИЕ МАТЕРИАЛЫ - МАТЕМАТИЧЕСКИЕ ДАННЫЕ |
| Сведения о математических данных |
1:100000, 1 км в 1 см |
| 210 ## - ПУБЛИКАЦИЯ, РАСПРОСТРАНЕНИЕ И ДР. |
| Место издания, распространения и т.д. |
Хабаровск |
| Имя издателя, распространителя и т. д. |
ДАГП |
| Дата издания, распространения и т.д. |
2015 |
| 215 ## - ФИЗИЧЕСКАЯ ХАРАКТЕРИСТИКА |
| Специфическое обозначение материала и объем |
1 атл. (171 с.) |
| Другие сведения о физической характеристике |
цв., сб. л., ил., текст, указ. |
| Размеры |
30х21 см |
| 225 1# - СЕРИЯ |
| Основное заглавие серии |
Дальневосточный федеральный округ |
| 509 01 - ЗАГОЛОВОК -СТРУКТУРИРОВАННОЕ ГЕОГРАФИЧЕСКОЕ ИЛИ ТЕМАТИЧЕСКОЕ НАИМЕНОВАНИЕ |
| Графика поля |
Кириллица |
| Географическое / тематическое наименование – начальный элемент ввода |
Хабаровский |
| Географический термин |
край |
| Системный номер авторитетной/нормативной записи |
2633491 |
| Идентификатор авторитетной / нормативной записи |
RU\NLR\auth_crt\55314 |
| 607 ## - ГЕОГРАФИЧЕСКОЕ НАИМЕНОВАНИЕ КАК ПРЕДМЕТ |
| Географическое наименование |
Хабаровский край |
| Формальный подзаголовок |
Атласы |
| Тематический подзаголовок |
География |
| Системный номер авторитетной/нормативной записи |
1755105 |
| Идентификатор авторитетной/нормативной записи |
RU\NLR\AUTH\66786637 |
| 608 ## - ФОРМА, ЖАНР, ФИЗИЧЕСКИЕ ХАРАКТЕРИСТИКИ ДОКУМЕНТА КАК ТОЧКА ДОСТУПА |
| Начальный элемент ввода |
Общегеографические атласы |
| Системный номер авторитетной/нормативной записи |
2204065 |
| Идентификатор авторитетной/нормативной записи |
RU\NLR\AUTH\661324303 |
| 702 #1 - ИМЯ ЛИЦА - ВТОРИЧНАЯ ОТВЕТСТВЕННОСТЬ |
| Начальный элемент ввода |
Гайфулина |
| Часть имени, кроме начального элемента ввода |
Т.Н. |
| Код отношения |
Редактор |
| 852 ## - МЕСТОНАХОЖДЕНИЕ И ШИФР ХРАНЕНИЯ |
| Идентификатор организации |
NLR |
| Наименование фонда или коллекции (Sub-Location Identifier) |
К |
| Шифр хранения (Call Number) |
4-ДВ 6/611 |
| Идентификатор единицы |
15-194 |
| Номер экземпляра |
15-194а |
| 942 ## - ДОПОЛНИТЕЛЬНЫЕ ЭЛЕМЕНТЫ ЗАПИСИ (АБИС) |
| Тип экземпляра АБИС |
Карта |
| 980 ## - КОЛЛЕКЦИЯ |
| Название коллекции |
Национальная библиография |